Alfa : příručka účastníka kurzu /

Další autoři: Kopová, Jana
Jazyk: Čeština
Vydáno: Praha : KMS, 2012
Vydání: 6. vyd.
Témata:
Externí odkaz: Digitalizovaný dokument
Fyzický popis: 46 s. : il. ; 21 cm
Knihy
Uloženo v:
LEADER 02152nam a2200613 a 4500
001 nkc20132499801
003 CZ PrNK
005 20131021092905.0
007 ta
008 130919s2012 xr a e f 000 0 cze
015 |a cnb002499801 
020 |a 978-80-86449-86-9  |q (brož.) 
035 |a (OCoLC)862713405 
040 |a OLA001  |b cze  |d ABA001 
041 1 |a cze  |h eng 
072 7 |a 27  |x Křesťanství. Křesťanská církev všeobecně. Eklesiologie  |2 Konspekt  |9 5 
080 |a 27-184.3  |2 MRF 
080 |a 27-1/-9  |2 MRF 
080 |a 27-4  |2 MRF 
080 |a 27-184  |2 MRF 
080 |a 27-144.896  |2 MRF 
080 |a 27-75  |2 MRF 
080 |a (035)  |2 MRF 
245 0 0 |a Alfa :  |b příručka účastníka kurzu /  |c [z anglického originálu přeložila Jana Kopová] 
246 3 |a Příručka účastníka kurzu Alfa 
246 3 0 |a Alfa - příručka účastníka kurzu 
250 |a 6. vyd. 
260 |a Praha :  |b KMS,  |c 2012 
300 |a 46 s. :  |b il. ;  |c 21 cm 
500 |a Dotisk r. 2013 
504 |a Obsahuje bibliografie 
650 0 7 |a křesťanská víra  |7 ph122113  |2 czenas 
650 0 7 |a křesťanské učení  |7 ph122129  |2 czenas 
650 0 7 |a křesťanský život  |7 ph122132  |2 czenas 
650 0 7 |a Bůh a člověk  |7 ph116953  |2 czenas 
650 0 7 |a Duch svatý  |7 ph117519  |2 czenas 
650 0 7 |a kurzy Alfa  |7 ph122036  |2 czenas 
650 0 9 |a Christian faith  |2 eczenas 
650 0 9 |a Christian doctrine  |2 eczenas 
650 0 9 |a Christian life  |2 eczenas 
650 0 9 |a relations between God and man  |2 eczenas 
650 0 9 |a Holy Spirit  |2 eczenas 
650 0 9 |a Alpha courses  |2 eczenas 
655 7 |a příručky  |7 fd133209  |2 czenas 
655 9 |a handbooks and manuals  |2 eczenas 
700 1 |a Kopová, Jana  |7 jx20080707020  |4 trl 
765 0 |t Alpha manual  |9 Česky 
856 4 1 |u http://www.digitalniknihovna.cz/mzk/uuid/uuid:d4aff260-b37e-11e5-b5dc-005056827e51  |y Digitalizovaný dokument  |x NDK 
910 2 |a BOA001  |b 2-1310.907 
928 9 |a Křesťanská misijní společnost 
990 |a BK 
995 |a 01 
991 |b 201310  |e n 
996 6 |b 2610564042  |c 2-1310.907  |l MZK  |r Sklad / do 1 hodiny  |n 0  |p p.v.  |w 001367251  |u 000010  |a 1  |e BOA001  |j MZK50  |s P